| 000 | 00407nam a2200157 i 4500 | ||
|---|---|---|---|
| 001 | bgj | ||
| 100 | 1 | _aOBERFIRST, Robert. | |
| 245 | 1 | 0 |
_aShort-Short Stories / _cRobert Oberfirst. |
| 260 |
_aBoston : _bBruce Humphries, Inc., _cc. 1948. |
||
| 300 |
_a100 pp ; _c21 cm. |
||
| 650 | 9 | _aShort stories, American | |
| 040 | _cBPK | ||
| 041 | 0 | _aeng | |
| 942 | _cKS | ||
| 008 | s uk f |000 0 eng | ||
| 999 |
_c47849 _d47849 |
||
| 856 |
_uhttp://koha.tu.koszalin.pl/cgi-bin/koha/opac-detail.pl?biblionumber=47849 _yKatalog online BPK |
||